-
CHAUDHARY, PREETI MISHRA RAKHI AND AHMAD SHAMIM
Entry Personal Name
Number of records used in: 1
001 - CONTROL NUMBER
003 - CONTROL NUMBER IDENTIFIER
005 - DATE AND TIME OF LATEST TRANSACTION
- control field:
20210227134716.0
008 - FIXED-LENGTH DATA ELEMENTS
- fixed length control field:
210227|| aca||aabn | a|a d
040 ## - CATALOGING SOURCE
- Original cataloging agency:
OSt
- Transcribing agency:
OSt
100 ## - HEADING--PERSONAL NAME
- Personal name:
CHAUDHARY, PREETI MISHRA RAKHI AND AHMAD SHAMIM
670 ## - SOURCE DATA FOUND
- Source citation:
Work cat.: (OSt): CHAUDHARY, PREETI MISHRA RAKHI AND AHMAD SHAMIM, BASIC APPREHENSION OF HUMAN ANATOMY AND PHYSIOLOGY-I, 2019